000 00534cam a22001811 4500
001 45755
090 _a45755
100 _a19931102d1942 km y0pory5003 ba
101 1 _apor
102 _aPT
200 1 _aPorque te engana o teu marido
_fWenceslao Fernandez-Florez
_gtrad. de Rogério Perez
210 9 _aPorto
_cLivraria Civilizacão,
_d1942
215 _a178, [4] p.
_d19 cm
675 _a821.134.4-9
700 1 _aFernandez-Florez,
_bWenceslao,
_f1888-
702 1 _aGarcia Pérez,
_bRogério,
_f1890-1979
_4730
801 0 _aPT
_bBN
_gRPC
990 _cLIVROS